Statistical models and methods for lifetime data /

Bibliographic Details
Main Author: Lawless, Jerald F., 1944-
Format: Book
Language:English
Published: New York : Wiley, [1982]
Series:Wiley series in probability and mathematical statistics. Applied probability and statistics.
Subjects:

MARC

Tag First Indicator Second Indicator Subfields
LEADER 00000pam a2200000 a 4500
001 in00000091973
005 20151008064110.0
008 810710s1982 nyua b 00110 eng
010 |a  81011446  
020 |a 0471085448 
035 |a (OCoLC)07653508 
035 |9 AAK3525AM 
039 0 |a 2  |b 3  |c 3  |d 3  |e 3 
040 |a DLC  |c DLC  |d TXA  |d UtOrBLW 
049 |a TXAM  |c [951884] 
050 0 0 |a QA276  |b .L328 
082 0 |a 519.5  |2 19 
100 1 |a Lawless, Jerald F.,  |d 1944- 
245 1 0 |a Statistical models and methods for lifetime data /  |c J.F. Lawless. 
264 1 |a New York :  |b Wiley,  |c [1982] 
264 4 |c ©1982 
300 |a xi, 580 pages :  |b illustrations ;  |c 24 cm. 
336 |a text  |b txt  |2 rdacontent 
337 |a unmediated  |b n  |2 rdamedia 
338 |a volume  |b nc  |2 rdacarrier 
490 1 |a Wiley series in probability and mathematical statistics. Applied probability and statistics,  |x 0271-6356 
500 |a Includes indexes. 
504 |a Bibliography: pages 540-565. 
650 0 |a Failure time data analysis. 
650 0 |a Reliability (Engineering) 
830 0 |a Wiley series in probability and mathematical statistics.  |p Applied probability and statistics. 
999 |a MARS 
999 f f |s d23fcac1-7a9c-3b31-ba45-60d4b806c93b  |i 100a0bb2-4726-35ed-8f34-8018d38bed1e  |t 0 
952 f f |p normal  |a Texas A&M University  |b College Station  |c Sterling C. Evans Library  |d Evans: Library Stacks  |t 0  |e QA276 .L328  |h Library of Congress classification  |i unmediated -- volume  |m A14806204073 
998 f f |a QA276 .L328  |t 0  |l Evans: Library Stacks